|
|
|
|
| LEADER |
01750nam a2200277 a 4500 |
| 001 |
00024794 |
| 008 |
120319r20102007caua b 001 0 eng |
| 020 |
|
|
|a 9788131509807
|
| 020 |
|
|
|a 813150980x
|
| 040 |
|
|
|a BD-DhAAL
|c BD-DhAAL
|
| 050 |
0 |
0 |
|a TK454
|b .I78 2008
|
| 082 |
0 |
0 |
|a 337.7/09172/4
|2 22
|
| 100 |
1 |
|
|a Miller, G. Tyler
|
| 245 |
1 |
0 |
|a People and environment /
|c G. Tyler Miller, Jr.
|
| 250 |
|
|
|a 3rd ed.
|
| 260 |
|
|
|a Belmont, CA :
|b Thomson/Brooks/Cole ;
|a New Delhi :
|b Cengage Learning,
|c c2007[reprinted 2010].
|
| 300 |
|
|
|a 696 p :
|b ill. ;
|c 26 cm.
|
| 500 |
|
|
|a 00024794
|
| 650 |
|
0 |
|a Sustainable development
|z Developing countries.
|
| 852 |
1 |
|
|a Ayesha Abed Library
|c General shelf.
|
| 999 |
|
|
|c 12002
|d 12002
|
| 952 |
|
|
|0 0
|1 0
|2 ddc
|4 0
|6 337_709172400000000_MIL
|7 0
|9 19748
|a BRACUL
|b BRACUL
|c GEN
|d 2012-03-15
|e Development Book Agency
|g 945.20
|l 2
|m 15
|o 337.7091724 MIL
|p 3010024794
|r 2015-01-17
|s 2014-09-17
|t 1
|w 2012-03-20
|y BK
|
| 952 |
|
|
|0 0
|1 0
|2 ddc
|4 0
|6 337_709172400000000_MIL
|7 0
|9 19749
|a BRACUL
|b BRACUL
|c GEN
|d 2012-03-15
|e Development Book Agency
|g 945.20
|l 2
|m 15
|o 337.7091724 MIL
|p 3010024795
|r 2026-01-18
|s 2025-10-13
|t 2
|w 2012-03-20
|y BK
|
| 952 |
|
|
|0 0
|1 0
|2 ddc
|4 0
|6 337_709172400000000_MIL
|7 0
|9 19750
|a BRACUL
|b BRACUL
|c GEN
|d 2012-03-15
|e Development Book Agency
|g 945.20
|l 2
|m 1
|o 337.7091724 MIL
|p 3010024796
|q 2026-06-08
|r 2025-10-11
|s 2025-10-11
|t 3
|w 2012-03-20
|y BK
|
| 952 |
|
|
|0 0
|1 0
|2 ddc
|4 0
|6 337_709172400000000_MIL
|7 0
|9 19751
|a BRACUL
|b BRACUL
|c GEN
|d 2012-03-15
|e Development Book Agency
|g 945.20
|l 2
|m 29
|o 337.7091724 MIL
|p 3010024797
|r 2026-05-07
|s 2026-02-02
|t 4
|w 2012-03-20
|y BK
|
| 952 |
|
|
|0 0
|1 0
|2 ddc
|4 0
|6 337_709172400000000_MIL
|7 0
|9 19752
|a BRACUL
|b BRACUL
|c GEN
|d 2012-03-15
|e Development Book Agency
|g 945.20
|l 2
|o 337.7091724 MIL
|p 3010024798
|r 2026-04-06
|s 2026-04-05
|t 5
|w 2012-03-20
|y BK
|